Vybrané problémy DPH

Bibliographic Details
Main Author: Jurišová, Anna (Author)
Format: Article
Language:Slovak
ISSN:1335-0897
Subjects:

MARC

LEADER 00000nab a2200000 a 4500
001 vtls000816247
003 SK-MaSNL
005 20260302151810.0
008 180205c2002 xo 0 slo
015 |a SNBRB2002/12-41100 
035 |a CLN000167902 
040 |a SNKBUCL  |b slo  |c SNKBUCL  |e AACR2 
041 0 |a slo 
044 |a xo  |c SK 
080 |a 336.271.1  |2 UDC-MRF-SK2 
100 1 |a Jurišová, Anna  |4 aut  |9 310665 
245 1 0 |a Vybrané problémy DPH  |c Anna Jurišová 
650 0 7 |a daň z pridanej hodnoty  |2 snkbucl  |9 2119 
655 7 |a články z novín a časopisov  |2 snkbucl  |9 267496 
773 0 |x 1335-0897  |t Daňový a účtovný poradca podnikateľa  |g Č. 15 (2002), s. 126-134 
850 |a Slovenská národná knižnica v Martine 
852 |a SNK  |b KIS3GCP 
958 |a RBX 
999 |c 1360880  |d 1362810